Planet Neptune / (Record no. 7104)

MARC details
000 -LEADER
fixed length control field 01113nam a22002777a 4500
001 - CONTROL NUMBER
control field 7104
003 - CONTROL NUMBER IDENTIFIER
control field FISKH
005 - DATE AND TIME OF LATEST TRANSACTION
control field 20250623151434.0
008 - FIXED-LENGTH DATA ELEMENTS--GENERAL INFORMATION
fixed length control field 250623b cb ||||| |||| 00| 0 eng d
020 ## - INTERNATIONAL STANDARD BOOK NUMBER
International Standard Book Number 9780531253618
040 ## - CATALOGING SOURCE
Original cataloging agency FISKH
Language of cataloging eng
Transcribing agency FISKH
Modifying agency FISKH
050 ## - LIBRARY OF CONGRESS CALL NUMBER
Classification number QB691.S65
082 ## - DEWEY DECIMAL CLASSIFICATION NUMBER
Classification number 523.48
100 ## - MAIN ENTRY--PERSONAL NAME
Personal name Squirey ,Ann O.
245 ## - TITLE STATEMENT
Title Planet Neptune /
Statement of responsibility, etc. By Ann O. Squire
260 ## - PUBLICATION, DISTRIBUTION, ETC.
Place of publication, distribution, etc. New York :
Name of publisher, distributor, etc. Scholastic ,
Date of publication, distribution, etc. 2014.
300 ## - PHYSICAL DESCRIPTION
Extent 48 pages :
Other physical details color illustrationd ;
Dimensions 22 cm.
490 ## - SERIES STATEMENT
Series statement True Books: Space
505 ## - FORMATTED CONTENTS NOTE
Formatted contents note R <br/>
520 ## - SUMMARY, ETC.
Summary, etc. Visible through a strong pair of binoculars, Neptune is one of the few planets that is easily seen from the surface of Earth. Readers will discover what it would be like to visit the surface of Neptune and how scientists are working to learn more about this icy planet. They will also discover how the planet was discovered and why its moons and rings are so interesting to scientists.
521 8# - TARGET AUDIENCE NOTE
Target audience note 760 <br/>
Source Lexile <br/>
521 8# - TARGET AUDIENCE NOTE
Target audience note R <br/>
Source Raz-Plus <br/>
650 ## - SUBJECT ADDED ENTRY--TOPICAL TERM
Topical term or geographic name entry element Neptune ( planet )
Form subdivision Juvenile Literature
942 ## - ADDED ENTRY ELEMENTS (KOHA)
Source of classification or shelving scheme Dewey Decimal Classification
Koha item type Books
Suppress in OPAC No
Holdings
Withdrawn status Lost status Source of classification or shelving scheme Damaged status Not for loan Collection Home library Current library Shelving location Date acquired Total Checkouts Full call number Barcode Date last seen Date last checked out Price effective from Koha item type
    Library of Congress Classification     Non-Fiction Footprints International School Library Network Toul Tom Poung Campus Footprints International School Library Network Toul Tom Poung Campus TTP Secondary Non-Fiction Bookshelves 06/23/2025 1 SQI 523.48 QB691.S65 FIS05537 02/13/2026 02/10/2026 06/23/2025 Books